Civil Air Patrol Cadet Ranks - Statistics

General Stats
  • This quiz has been taken 27 times
  • The average score is 8 of 15
Answer Stats
Hint Answer % Correct
C/Amn Airman
93%
C/Cap Captain
60%
C/Col Colonel
60%
C/Maj Major
60%
C/LtCol Lieutenant Colonel
53%
C/SSgt Staff Sergeant
53%
C/1Lt 1st Lieutenant
47%
C/2Lt 2nd Lieutenant
47%
C/AB Basic
47%
C/MSgt Master Sergeant
47%
C/SrA Senior Airman
40%
C/SMSgt Senior Master Sergeant
40%
C/TSgt Tech Sergeant
40%
C/A1C Airman 1st Class
33%
C/CMSgt Chief Master Sergeant
33%
No matching quizzes found
Score Distribution
Percent of People with Each Score
Percentile by Number Answered
Your Score History
You have not taken this quiz